ბათუმის შოთა რუსთაველის სახელმწიფო უნივერსიტეტის ბიბლიოთეკა

Разбиение фигур на меньшие части (ბიბ.ჩანაწერი № 48076)

000 -LEADER
fixed length control field 00592nam a2200205Ia 4500
001 - CONTROL NUMBER
control field 14956
003 - CONTROL NUMBER IDENTIFIER
control field GE_BSU
008 - FIXED-LENGTH DATA ELEMENTS--GENERAL INFORMATION
fixed length control field 181216s||||||||xx |||||||||||||| ||und||
040 ## - CATALOGING SOURCE
Transcribing agency GE_BSU
080 ## - UNIVERSAL DECIMAL CLASSIFICATION NUMBER
Universal Decimal Classification number 514
100 ## - MAIN ENTRY--PERSONAL NAME
Personal name Болтянский,В.Г. Гохберг,И.Ц.
245 ## - TITLE STATEMENT
Title Разбиение фигур на меньшие части
245 ## - TITLE STATEMENT
Statement of responsibility, etc. Ред.Н.П.Рябенькая
260 ## - PUBLICATION, DISTRIBUTION, ETC.
Place of publication, distribution, etc. Москва
260 ## - PUBLICATION, DISTRIBUTION, ETC.
Name of publisher, distributor, etc. Наука
260 ## - PUBLICATION, DISTRIBUTION, ETC.
Date of publication, distribution, etc. 1971
300 ## - PHYSICAL DESCRIPTION
Extent 88стр.илл.20см.
653 ## - INDEX TERM--UNCONTROLLED
Uncontrolled term Разбиение фигур на меньшие части
942 ## - ADDED ENTRY ELEMENTS (KOHA)
Koha item type წიგნი
ეგზემპლარები
Withdrawn status Lost status Damaged status Not for loan Date acquired Barcode Date last seen Price effective from Koha item type
        2018-12-17 15821 2018-12-17 2018-12-17 წიგნი
        2018-12-17 15949 2018-12-17 2018-12-17 წიგნი